000 00606nam a22002057a 4500
003 00
005 20251015152837.0
008 251015b |||||||| |||| 00| 0 eng d
020 _a978--35745-707-2
040 _aBUAC
_bBUC
_cFre
041 _aFr
100 _aNolen-Hoeksema Susan
245 _aCes Femmes qui reprennent le pouvoir sur leur vie
_b/ par Susan Nolen-Hoeksema
260 _aParis :
_bNouveauHorizon,
_c2023.
300 _a510 p.
_bCouv.ill en coul,
_c18 cm.
630 _aPHYLOSOPHIE-PSYCHOLOGIE
651 _aDEVELOPPEMENT
651 _aProgrès de la personnalité
942 _2ddc
_cLBA
999 _c63449
_d63449